LEADER 01005nam a2200241 i 4500 001 000000163729 003 CaOOAMICUS 005 20070809000000.0 008 070809s2007 it u000 u ita u 013 $a141096 040 $aSeMil$bita 100 1 $aVillani, Andrea.$0(OLS)http://semarc/name/47474 245 13$aLa Cittą delle Meraviglie :$bMilano 2006 /$cAndrea Villani. 260 $aMagenta :$bCentro Studi Politico-Sociali J.F. Kennedy,$c2007. 300 $a220 p. ;$c21 cm. 500 $aSuppl. al n. 59 de I Quaderni del Ticino. - Dono del Card. Dionigi Tettamanzi. 650 4$aMilano.$0(OLS)http://semarc/subject/7830 850 $aSeMil 852 $aSeMil$W1$xVenegono$y1$m1O III 69$j115023$B115023$CSeMilBibl$Z2$F126010 $81 941 1 $a5 961 $aOmaggio: Tettamanzi Card. Dionigi 996 $6245$aLa Cittą delle Meraviglie :$bMilano 2006$9(OLS)http://semarc/title/233600 996 $6260$aMagenta :$bCentro Studi Politico-Sociali J.F. Kennedy$9(OLS)http://semarc/publisher/30840 LEADER 01111nam a2200253 4500 001 000000366251 003 CaOOAMICUS 005 20260203161433.0 008 260203s1912 it 000 u ita r 040 $aSeMil$bita 100 1 $aNicora, Luigi,$c.$0(OLS)http://semarc/name/61485 245 13$aIl calendario gregoriano ed un'utopia /$cMons. Luigi Nicora. 246 0 $aPer la riforma del calendario :$bvecchia proposta 250 $a2. Edizione 264 1$aMilano :$bBertarelli & C.,$c1912. 300 $a20 p. ;$c21 cm 500 $aEstratto dal periodico di Milano La Scuola Cattolica, 1882 650 4$aCalendario ecclesiastico.$0(OLS)http://semarc/subject/36808 850 $aSeMil 852 $aSeMil$W1$xVenegono$y1$m5D V 2/9$j266941$B257017$CSeMilBibl$Z2$F257017 $8M 996 $6245$aIl calendario gregoriano ed un'utopia$9(OLS)http://semarc/title/457983 996 $6246$aPer la riforma del calendario :$bvecchia proposta$9(OLS)http://semarc/title/457984 996 $6264$aMilano :$bBertarelli & C.$9(OLS)http://semarc/publisher/41456